Prime regional residential markets (Record no. 113184)

MARC details
000 -LEADER
fixed length control field 00976cad a22002055a 4500
001 - CONTROL NUMBER
control field L154834
008 - FIXED-LENGTH DATA ELEMENTS--GENERAL INFORMATION
fixed length control field 120123s201 xxk f 000 0 eng d
035 ## - SYSTEM CONTROL NUMBER
System control number (Sirsi) u154834
041 0# - LANGUAGE CODE
Language code of text/sound track or separate title eng
110 2# - MAIN ENTRY--CORPORATE NAME
Corporate name or jurisdiction name as entry element Savills Research
9 (RLIN) 5211
245 00 - TITLE STATEMENT
Title Prime regional residential markets
Medium [electronic resource]
260 ## - PUBLICATION, DISTRIBUTION, ETC.
Date of publication, distribution, etc. 2012
490 #0 - SERIES STATEMENT
Series statement Savills Research Residential Market in Minutes Prime Regional Residential Markets
Volume/sequential designation January 2012
520 ## - SUMMARY, ETC.
Summary, etc. The prime regional markets saw price falls over the course of 2011 averaging -3.3%. Weak buyer sentiment and a lack of wealth migration from London were key factors for the fall. On a regional basis,l prime regional property prices in the South East proved to be the most robust.
590 ## - LOCAL NOTE (RLIN)
Local note KA
651 #4 - SUBJECT ADDED ENTRY--GEOGRAPHIC NAME
Geographic name United Kingdom
Chronological subdivision
690 ## - LOCAL SUBJECT ADDED ENTRY--TOPICAL TERM (OCLC, RLIN)
Topical term or geographic name as entry element Residential property
9 (RLIN) 6266
856 40 - ELECTRONIC LOCATION AND ACCESS
Uniform Resource Identifier <a href="https://www.savills.co.uk/research/residential-research.aspx">https://www.savills.co.uk/research/residential-research.aspx</a>
Public note View the report after free registration at www.savills.co.uk
942 ## - ADDED ENTRY ELEMENTS (KOHA)
Suppress in OPAC 0
Holdings
Withdrawn status Lost status Source of classification or shelving scheme Damaged status Not for loan Home library Current library Shelving location Date acquired Total Checkouts Full call number Barcode Date last seen Copy number Price effective from Koha item type
    Dewey Decimal Classification     Virtual Virtual Books 23/01/2012   ONLINE PUBLICATION 154834-2001 06/08/2019 1 06/08/2019 Book